000 00375nam a22001577a 4500
005 20220127140341.0
008 010208d2000 cr ad r 00110 spa d
010 _a83447
011 _a84419
020 _a9968995118
035 _a94939
245 0 0 _aPrevención y manejo de malñ
_c/por
260 _c199
590 _aCONVERSION
_b10
_c20130109
_lUCH01
_h1346
901 _aBK
999 _c83447
_d83447